000 01481cam a22003131i 4500
003 SA-RiAUC
005 20251020072644.0
008 251003s1977 mr g b 001 0cara c
040 _aAE-AiULD
_bara
_cSA-RiAUC
_erda
043 _af-mr---
050 4 _b.I25 1977
082 0 4 _a922.6
090 _a922.6
_bا ب ن ع
100 1 _aابن عسكر، محمد بن علي بن عمر،
_d936-986 هجري
_eمؤلف.
245 1 0 _aدوحة الناشر لمحاسن من كان بالمغرب من مشايخ القرن العاشر /
_cمحمد بن عساكر الحسني الشفشاوني ؛ تحقيق محمد حجي.
264 1 _aالرباط :
_bدار المغرب للتأليف والترجمة والنشر،
_c1977
300 _a184 صفحة ؛
_c23 سم.
336 _aنص
_btxt
_2rdacontent
_3كتاب
337 _aبدون وسيط
_bn
_2rdamedia
338 _aمجلد
_bnc
_2rdacarrier
490 1 _aمطبوعات دار المغرب للتأليف والترجمة والنشر.
_aسلسلة التراجم ؛
_v1
500 _aيشتمل على كشافات.
504 _aببليوجرافية : صفحة 179-184.
650 7 _aالمتصوفون
_zالمغرب
_vتراجم
_2aucsh
700 1 _aحجي، محمد،
_d1923-2004
_eمحقق.
830 0 _aمطبوعات دار المغرب للتأليف والترجمة والنشر.
_pسلسلة التراجم
_v1
942 _2ddc
_cBOOK
_n0
949 _aSA-JeALM
_d251003
_umohamedma123
_n1
999 _c12642
_d12642